000 00278nam a22001217a 4500
008 160503b xxu||||| |||| 00| 0 eng d
020 _a9780683048698
020 _a068048694
041 _aeng
080 _a61
245 _aGeneral surgery:
_cPeter F. Aawrence;
942 _2udc
_cBK
999 _c1738
_d1738